<The> Importance of financial science to the general government budget of the Slovak Republic in the 21st century
Guardado en:
| Autor principal: | |
|---|---|
| Otros Autores: | , |
| Formato: | Capítulo de libro |
| Lenguaje: | inglés |
| Materias: | |
| Etiquetas: |
Sin Etiquetas, Sea el primero en etiquetar este registro!
|
MARC
| LEADER | 00000naa$a2200000$$$4500 | ||
|---|---|---|---|
| 001 | 0226810 | ||
| 005 | 20240502083607.8 | ||
| 041 | 0 | |a eng | |
| 044 | |a CZ | ||
| 245 | 1 | 0 | |a <The> Importance of financial science to the general government budget of the Slovak Republic in the 21st century |c Kornélia Beličková, Peter Baláži, Zuzana Staríčková |
| 610 | 2 | 0 | |a správa štátna |
| 610 | 2 | 0 | |a správa verejná |
| 610 | 2 | 0 | |a rozpočet štátny |
| 610 | 2 | 0 | |a rozpočet miestny |
| 610 | 2 | 0 | |a financie verejné |
| 610 | 2 | 0 | |a politika finančná |
| 610 | 2 | 0 | |a politika fiškálna |
| 100 | 1 | |a Beličková, Kornélia, 1966- | |
| 700 | 1 | |a Baláži, Peter | |
| 700 | 1 | |a Staríčková, Zuzana | |